000 00398 a2200169 4500
001 144154
040 _cLeonardo Da Vinci
041 _aPortuguês
082 _a910 P353t
_bP353t
100 _aPAULINO, Leopoldo
245 _aTempo de resistência
250 _a7. ed
260 _bCOC Empreendimentos Culturais
_c2008
_aSão Paulo
362 _a20080000
697 _aHistória
942 _cBK
999 _c144154
_d144154